[Event "XXIII SZACHOWE MISTRZOSTWA POLSKI DUCHOWIENSTWA"]
[Site "WSD Towarzystwa Chrystusowego w Poznaniu"]
[Date "1899-12-30"]
[Round "1.1"]
[White "Natoniewski, Sebastian"]
[Black "Mejzner, Miroslaw"]
[Result "0-1"]
[WhiteTitle "II"]
[BlackTitle "I"]
[WhiteElo "1629"]
[BlackElo "1826"]

1. d4 d5 2. c4 e6 3. e3 Nf6 4. Nf3 c5 5. Nc3 Nc6 6. cxd5 exd5 7. Bb5 a6 8. Bxc6+
bxc6 9. O-O Bd6 10. h3 O-O 11. Qc2 c4 12. e4 Nxe4 13. Nxe4 Bf5 14. Qe2 Bxe4 15.
Bg5 Bxf3 16. Bxd8 Bxe2 17. Rfe1 Raxd8 18. Rxe2 Rfe8 19. Rxe8+ Rxe8 20. g3 Re2
21. b3 c3 0-1

[Event "XXIII SZACHOWE MISTRZOSTWA POLSKI DUCHOWIENSTWA"]
[Site "WSD Towarzystwa Chrystusowego w Poznaniu"]
[Date "1899-12-30"]
[Round "1.2"]
[White "Sola, Wojciech"]
[Black "Mazur, Jan"]
[Result "1-0"]
[WhiteTitle "I"]
[BlackTitle "II"]
[WhiteElo "1797"]
[BlackElo "1618"]

1. c4 Nf6 2. Nc3 e5 3. g3 c6 4. Bg2 d5 5. cxd5 cxd5 6. d4 Bd6 7. dxe5 Bxe5 8. Nxd5
O-O 9. Nc3 Bxc3+ 10. bxc3 Qc7 11. Bb2 Bf5 12. Nf3 Rd8 13. Nd4 Nc6 14. O-O Qc8
15. Qa4 Nxd4 16. cxd4 Bh3 17. Rac1 Qe6 18. e3 Bxg2 19. Kxg2 Qd5+ 20. Kg1 Ne4 21.
f3 Nd6 22. Qb3 Qxb3 23. axb3 Rac8 24. e4 f6 25. Kf2 Kf7 26. Ke3 Re8 27. Kd3 Nb5
28. f4 Kg8 29. g4 h6 30. Rxc8 Rxc8 31. e5 fxe5 32. fxe5 Re8 33. Kc4 Nc7 34. Ba3
b5+ 35. Kc5 a6 36. Bb2 Rd8 37. Kb6 Ne6 38. Rd1 b4 39. Kxa6 Nc7+ 40. Kb6 Nd5+ 41.
Kc5 Kf7 42. Ra1 Rd7 43. Ra6 Nf4 44. Kxb4 Rb7+ 45. Kc4 Rc7+ 46. Kb5 Nd5 47. Rd6
Ne3 48. h3 Nd1 49. Kb6 Re7 50. Ba3 Nf2 51. Rd8 Re8 52. Rxe8 Kxe8 53. Bc1 Nxh3
54. Be3 g5 55. Kc5 Nf4 56. Bxf4 gxf4 57. Kc4 Ke7 58. d5 Kd7 59. Kd3 1-0

[Event "XXIII SZACHOWE MISTRZOSTWA POLSKI DUCHOWIENSTWA"]
[Site "WSD Towarzystwa Chrystusowego w Poznaniu"]
[Date "1899-12-30"]
[Round "1.3"]
[White "Grela, Franciszek"]
[Black "Bak, Stanislaw"]
[Result "0-1"]
[WhiteTitle "II"]
[BlackTitle "I"]
[WhiteElo "1600"]
[BlackElo "1788"]

1. e4 c5 2. Nf3 d6 3. h3 e6 4. d4 cxd4 5. Nxd4 a6 6. Be3 Nf6 7. Bd3 Be7 8. O-O
O-O 9. f4 b5 10. e5 Nd5 11. Bd2 dxe5 12. fxe5 Bc5 13. Qg4 Nc6 14. c3 Nxe5 15.
Qe4 Nxd3 16. Qxd3 e5 17. Kh1 exd4 18. cxd4 Bb6 19. Nc3 Be6 20. Ne4 f6 21. Rac1
Bf7 22. Qg3 Bg6 23. Rc6 Bxe4 24. Rd6 Bc7 25. Rxd8 Bxg3 26. Rd7 Rfc8 27. Rc1 Rxc1+
28. Bxc1 Rc8 29. Bd2 Rc2 30. Rd8+ Kf7 31. Rd7+ Kg6 0-1

[Event "XXIII SZACHOWE MISTRZOSTWA POLSKI DUCHOWIENSTWA"]
[Site "WSD Towarzystwa Chrystusowego w Poznaniu"]
[Date "1899-12-30"]
[Round "1.4"]
[White "Drazek, Dariusz"]
[Black "Rembecki, Robert"]
[Result "1-0"]
[WhiteTitle "I"]
[BlackTitle "II"]
[WhiteElo "1782"]
[BlackElo "1597"]

1. e4 d5 2. exd5 Nf6 3. d4 Nxd5 4. Nf3 Bf5 5. a3 e6 6. c4 Nf6 7. Nc3 Nbd7 8. Bg5
Be7 9. Be2 O-O 10. Nh4 h6 11. Nxf5 exf5 12. Be3 Ne4 13. Qc2 Nxc3 14. bxc3 g6 15.
Bxh6 Re8 16. O-O Bg5 17. Bxg5 Qxg5 18. Bf3 c6 19. Rab1 Nb6 20. Qb3 Kg7 21. c5
Rh8 22. Rfe1 Qf4 23. Re7 Qxh2+ 24. Kf1 Nd5 25. Bxd5 cxd5 26. Qxb7 Rab8 27. Rxf7+
Kh6 28. Rh7+ Rxh7 29. Qxb8 Qxb8 30. Rxb8 Rd7 31. Ke2 Kg7 32. c6 Re7+ 33. Kd3 Kf6
34. Rb7 Ke6 35. Rxe7+ Kxe7 36. c4 dxc4+ 37. Kxc4 Kd6 38. d5 a6 39. f4 1-0

[Event "XXIII SZACHOWE MISTRZOSTWA POLSKI DUCHOWIENSTWA"]
[Site "WSD Towarzystwa Chrystusowego w Poznaniu"]
[Date "1899-12-30"]
[Round "1.5"]
[White "Szadkowski, Kamil"]
[Black "Wadrzyk, Zbigniew"]
[Result "0-1"]
[WhiteTitle "II"]
[BlackTitle "I"]
[WhiteElo "1571"]
[BlackElo "1781"]

1. d4 e6 2. c4 d5 3. Nc3 Nf6 4. Bg5 Be7 5. Nf3 O-O 6. e3 Nbd7 7. cxd5 exd5 8. Bd3
Re8 9. O-O c6 10. Qc2 Nf8 11. Rfe1 Bg4 12. Ne5 Bh5 13. h3 N6d7 14. Bxe7 Qxe7 15.
Nxd7 Qxd7 16. Bf5 Qd6 17. e4 dxe4 18. g4 Bg6 19. Bxg6 Nxg6 20. Rxe4 Nf4 21. Rae1
Nxh3+ 22. Kh1 Rxe4 23. Qxe4 Nxf2+ 0-1

[Event "XXIII SZACHOWE MISTRZOSTWA POLSKI DUCHOWIENSTWA"]
[Site "WSD Towarzystwa Chrystusowego w Poznaniu"]
[Date "1899-12-30"]
[Round "1.6"]
[White "Pawlowski, Slawomir"]
[Black "Burgat, Boguslaw"]
[Result "1-0"]
[WhiteTitle "I"]
[BlackTitle "III"]
[WhiteElo "1757"]
[BlackElo "1562"]

1. Nf3 d5 2. g3 e6 3. Bg2 Nf6 4. O-O c5 5. d3 Nc6 6. Nbd2 Be7 7. e4 dxe4 8. dxe4
e5 9. c3 O-O 10. Qe2 b6 11. Rd1 Qc7 12. Nf1 Re8 13. Bg5 h6 14. Bxf6 Bxf6 15. Ne3
Ne7 16. h4 Bb7 17. Nh2 g6 18. Nhg4 Bg7 19. Nd5 Nxd5 20. exd5 Qd6 21. Ne3 b5 22.
Qxb5 Ba6 23. Qc6 Qxc6 24. dxc6 e4 25. Rd5 Rab8 26. c7 Rbc8 27. Rxc5 Bf8 28. Ra5
Re6 29. Bh3 f5 30. Nxf5 Rb6 31. Nxh6+ Bxh6 32. Bxc8 Bxc8 33. Rxa7 Rb7 34. Rxb7
Bxb7 35. Rd1 Kf7 36. Rd8 e3 37. fxe3 Bxe3+ 38. Kh2 Bb6 39. c8=Q Bxc8 40. Rxc8
1-0

[Event "XXIII SZACHOWE MISTRZOSTWA POLSKI DUCHOWIENSTWA"]
[Site "WSD Towarzystwa Chrystusowego w Poznaniu"]
[Date "1899-12-30"]
[Round "1.8"]
[White "Kuzio, Andrzej"]
[Black "Domaraczenko, Krzysztof"]
[Result "1-0"]
[WhiteTitle "II"]
[BlackTitle "II"]
[WhiteElo "1674"]
[BlackElo "1538"]

1. e4 e5 2. Nf3 Nc6 3. d4 exd4 4. Bc4 Qf6 5. O-O Bc5 6. e5 Qg6 7. Re1 Nge7 8. Bf4
h6 9. a3 O-O 10. Nbd2 d5 11. Bd3 Bf5 12. Nh4 Qe6 13. Nxf5 Nxf5 14. Nf3 a5 15.
Bb5 Na7 16. Bd3 b5 17. Bg3 Nxg3 18. hxg3 Bb6 19. Qe2 c6 20. Rad1 b4 21. Nh4 g6
22. Qd2 Kh7 23. axb4 a4 24. Qf4 Bd8 25. Qxd4 Nb5 26. Bxb5 cxb5 27. Qxd5 Rb8 28.
Qxe6 fxe6 29. Rd7+ Kg8 30. Nxg6 Rf5 31. Ne7+ Bxe7 32. Rxe7 Rbf8 33. f4 h5 34.
Rd1 Rc8 35. c3 a3 36. bxa3 Rxc3 37. Rd8+ Rf8 38. Rxf8+ Kxf8 39. Rxe6 Rxg3 40.
Rb6 h4 41. Kh2 Rxa3 42. Rxb5 Ke7 43. Rb6 Rb3 44. Rh6 Rxb4 45. Rxh4 Ke6 46. f5+
1-0

[Event "XXIII SZACHOWE MISTRZOSTWA POLSKI DUCHOWIENSTWA"]
[Site "WSD Towarzystwa Chrystusowego w Poznaniu"]
[Date "1899-12-30"]
[Round "1.9"]
[White "Bartoszek, Krzysztof"]
[Black "Dyrda, Konrad"]
[Result "1-0"]
[WhiteTitle "III"]
[BlackTitle "II"]
[WhiteElo "1533"]
[BlackElo "1670"]

1. c4 c5 2. Nc3 Nc6 3. g3 g6 4. Bg2 Bg7 5. e3 Nf6 6. Nge2 O-O 7. O-O e6 8. d4 Qe7
9. d5 exd5 10. Nxd5 Nxd5 11. cxd5 Ne5 12. d6 Qf6 13. Qd5 Rb8 14. f4 Nc6 15. Qxc5
b6 16. Qa3 a5 17. e4 Ba6 18. Rf2 Nb4 19. e5 Qe6 20. Nd4 Qc4 21. Qc3 Nxa2 22. Qxc4
Bxc4 23. b3 Nxc1 24. bxc4 Nd3 25. Rd2 Nc5 26. Rb1 f6 27. Bd5+ Kh8 28. e6 dxe6
29. Nxe6 Nxe6 30. Bxe6 f5 31. Bd7 Bc3 32. Rd5 Bb4 33. Bb5 Kg7 34. d7 Rbd8 35.
Rbd1 Rf6 36. h4 Re6 37. R1d3 Kf8 38. Kf2 Ke7 39. Re5 Rxe5 40. fxe5 Ke6 41. Rd5
Bc3 42. Kf3 Bxe5 43. g4 fxg4+ 44. Kxg4 Bf6 45. h5 g5 46. Rd3 h6 47. Re3+ Be5 48.
Rd3 Bf4 49. Rd5 Bc7 50. Rf5 Ra8 51. c5 a4 52. c6 a3 53. Bc4+ Kd6 54. Rf6+ Ke5
55. Re6+ Kd4 56. Ba2 Kc3 57. Re8 Ra4+ 58. Kf5 Rd4 59. Rc8 g4 60. Rxc7 g3 61. Rc8
g2 62. Rg8 Rd2 63. c7 1-0

[Event "XXIII SZACHOWE MISTRZOSTWA POLSKI DUCHOWIENSTWA"]
[Site "WSD Towarzystwa Chrystusowego w Poznaniu"]
[Date "1899-12-30"]
[Round "1.10"]
[White "Bryk, Blazej"]
[Black "Kubasik, Adam"]
[Result "1/2-1/2"]
[WhiteTitle "II"]
[BlackTitle "III"]
[WhiteElo "1644"]
[BlackElo "1491"]

1. e4 e5 2. d4 exd4 3. Qxd4 Nc6 4. Qe3 d6 5. Bb5 Bd7 6. Nc3 Nb4 7. Bd3 c5 8. a3
Nxd3+ 9. cxd3 g6 10. Qg3 Bc6 11. Nf3 Bg7 12. O-O Nf6 13. Bf4 Nh5 14. Qg5 f6 15.
Qh4 Nxf4 16. Qxf4 O-O 17. d4 cxd4 18. Nxd4 Re8 19. Rfd1 Rc8 20. Nxc6 Rxc6 21.
Nb5 Qb6 22. Nxd6 Rd8 23. e5 Qxb2 24. Rab1 Qxe5 25. Qxe5 fxe5 26. Nxb7 Rxd1+ 27.
Rxd1 Ra6 28. Rd3 e4 29. Re3 Rb6 30. g3 Rxb7 31. Rxe4 Bf8 32. a4 a5 33. Re5 Kg7
34. Rxa5 Rb1+ 35. Kg2 Ra1 36. f4 Bb4 37. Ra7+ Kh6 38. Kh3 Ra3 39. Kg2 Ra2+ 40.
Kh3 1/2-1/2

[Event "XXIII SZACHOWE MISTRZOSTWA POLSKI DUCHOWIENSTWA"]
[Site "WSD Towarzystwa Chrystusowego w Poznaniu"]
[Date "1899-12-30"]
[Round "2.1"]
[White "Mejzner, Miroslaw"]
[Black "Pawlowski, Slawomir"]
[Result "1-0"]
[WhiteTitle "I"]
[BlackTitle "I"]
[WhiteElo "1826"]
[BlackElo "1757"]

1. e4 c5 2. Nf3 e6 3. d4 cxd4 4. Nxd4 a6 5. Be2 Nf6 6. e5 Qa5+ 7. Nc3 Qxe5 8. O-O
Nc6 9. Nf3 Qc7 10. a3 Be7 11. Bd3 d5 12. Bg5 O-O 13. Re1 b5 14. Qd2 Bb7 15. Qe3
d4 16. Nxd4 Nxd4 17. Qxd4 Qc6 18. Ne4 Rfd8 19. Qe3 Nxe4 20. Bxe7 Nf6 21. Qg3 Nh5
22. Qh3 Rd4 23. Re5 g6 24. Rc5 Qd7 25. Rxh5 Rxd3 26. cxd3 Qxe7 27. Rxh7 Qf6 28.
Rd1 Rc8 29. Rh4 Rc2 30. Qg3 Qxb2 31. Qf4 Bd5 32. Qb8+ 1-0

[Event "XXIII SZACHOWE MISTRZOSTWA POLSKI DUCHOWIENSTWA"]
[Site "WSD Towarzystwa Chrystusowego w Poznaniu"]
[Date "1899-12-30"]
[Round "2.2"]
[White "Januszewski, Marek"]
[Black "Sola, Wojciech"]
[Result "0-1"]
[WhiteTitle "II"]
[BlackTitle "I"]
[WhiteElo "1644"]
[BlackElo "1797"]

1. d4 Nf6 2. c4 g6 3. Nc3 Bg7 4. e4 d6 5. Nf3 O-O 6. Bd2 Nc6 7. d5 Ne5 8. Be2 Nxf3+
9. Bxf3 e5 10. h4 h5 11. Bg5 Qd7 12. Qd2 a6 13. O-O-O b5 14. Rdg1 Nh7 15. g4 f6
16. Bh6 Bxh6 17. Qxh6 Qg7 18. Qxg7+ Kxg7 19. gxh5 g5 20. cxb5 axb5 21. Nxb5 Rxa2
22. Kb1 Ra4 23. Nxc7 Kh6 24. Nb5 Ra6 25. Rc1 Rb6 26. Na3 Bd7 27. Nc4 Ra6 28. Ne3
Rfa8 29. Ng4+ Bxg4 30. Bxg4 gxh4 31. Be2 Ra1+ 32. Kc2 Rxc1+ 33. Rxc1 Rc8+ 34.
Kd2 Rxc1 35. Kxc1 h3 36. Bf3 Ng5 37. Bh1 Kxh5 38. b4 Nf7 39. b5 Kg4 40. b6 Nd8
41. Kd2 Nb7 42. Kc3 f5 43. Kb4 Nc5 44. Kb5 Nxe4 45. b7 Nxf2 46. b8=Q Nxh1 47.
Qg8+ Kf3 48. Qg1 Nf2 49. Qh2 f4 50. Kc6 e4 51. Kxd6 e3 52. Ke5 Ng4+ 0-1

[Event "XXIII SZACHOWE MISTRZOSTWA POLSKI DUCHOWIENSTWA"]
[Site "WSD Towarzystwa Chrystusowego w Poznaniu"]
[Date "1899-12-30"]
[Round "2.3"]
[White "Bak, Stanislaw"]
[Black "Kuzio, Andrzej"]
[Result "1-0"]
[WhiteTitle "I"]
[BlackTitle "II"]
[WhiteElo "1788"]
[BlackElo "1674"]

1. e4 e5 2. Nf3 Nc6 3. Bb5 Bc5 4. O-O Nf6 5. d3 d6 6. h3 O-O 7. c3 Bb6 8. Nbd2
a6 9. Ba4 Bd7 10. Bc2 Re8 11. Nc4 h6 12. Nxb6 cxb6 13. Re1 d5 14. exd5 Nxd5 15.
d4 exd4 16. Rxe8+ Qxe8 17. Nxd4 Nxd4 18. Qxd4 Qe1+ 19. Kh2 Bc6 20. Bxh6 1-0

[Event "XXIII SZACHOWE MISTRZOSTWA POLSKI DUCHOWIENSTWA"]
[Site "WSD Towarzystwa Chrystusowego w Poznaniu"]
[Date "1899-12-30"]
[Round "2.4"]
[White "Zawada, Jan"]
[Black "Drazek, Dariusz"]
[Result "0-1"]
[WhiteTitle "IV"]
[BlackTitle "I"]
[WhiteElo "1558"]
[BlackElo "1782"]

1. d4 Nf6 2. e3 d5 3. Nc3 c5 4. dxc5 Nc6 5. Nge2 e5 6. g3 Bxc5 7. Bg2 Be6 8. O-O
Qd7 9. Na4 Be7 10. f3 O-O 11. b3 Rad8 12. c3 Rfe8 13. Kh1 h5 14. Ng1 Bf5 15. Nb2
b5 16. a3 h4 17. g4 Be6 18. h3 e4 19. f4 Nxg4 20. Bxe4 dxe4 21. Qxd7 Rxd7 22.
f5 Bxb3 23. hxg4 Ne5 24. Rf4 Bg5 25. Rf2 Red8 26. Nh3 f6 27. Rg2 Nf3 28. Re2 Kf7
29. Kg2 g6 30. fxg6+ Kxg6 31. a4 bxa4 32. Nxa4 Bd1 33. Rea2 Ne1+ 34. Kf1 Nd3 35.
Rd2 Bxg4 36. Nf4+ Nxf4 37. Rxd7 Rxd7 38. exf4 Rd1+ 39. Kf2 Bxf4 40. Bb2 e3+ 0-1

[Event "XXIII SZACHOWE MISTRZOSTWA POLSKI DUCHOWIENSTWA"]
[Site "WSD Towarzystwa Chrystusowego w Poznaniu"]
[Date "1899-12-30"]
[Round "2.5"]
[White "Wadrzyk, Zbigniew"]
[Black "Przygrodzki, Jakub"]
[Result "1/2-1/2"]
[WhiteTitle "I"]
[BlackTitle "II+"]
[WhiteElo "1781"]
[BlackElo "1635"]

1. e4 c5 2. d3 Nc6 3. c3 g6 4. f4 d5 5. Qc2 Bg7 6. Nf3 e6 7. Be2 Nge7 8. O-O O-O
9. a4 b6 10. Na3 Bb7 11. Be3 Rc8 12. Rad1 d4 13. Bd2 dxc3 14. bxc3 Na5 15. Be1
a6 16. Bh4 Qc7 17. Ne5 Nec6 18. Nac4 Nxc4 19. Nxc4 b5 20. axb5 axb5 21. Nd2 b4
22. e5 bxc3 23. Qxc3 Nd4 24. Rde1 f6 25. exf6 Bxf6 26. Bxf6 Rxf6 27. g3 e5 28.
Qc4+ Kg7 29. fxe5 Qxe5 30. Bf3 Nxf3+ 31. Nxf3 Qd6 32. Ng5 Bd5 33. Rxf6 Kxf6 34.
Rf1+ Kg7 35. Qc3+ Kg8 36. Rf4 Qe7 37. Ne4 Bxe4 38. dxe4 c4 39. e5 Qc5+ 40. Kg2
Re8 41. Re4 Qd5 42. Kf3 Rf8+ 43. Ke3 Qc5+ 44. Kd2 Rf2+ 45. Re2 Qd5+ 46. Ke1 Rxe2+
47. Kxe2 Qe4+ 48. Kf2 Kf7 49. Qa5 Qd4+ 50. Kg2 Qe4+ 51. Kh3 Qf5+ 52. Kg2 Qe4+
53. Kh3 1/2-1/2

[Event "XXIII SZACHOWE MISTRZOSTWA POLSKI DUCHOWIENSTWA"]
[Site "WSD Towarzystwa Chrystusowego w Poznaniu"]
[Date "1899-12-30"]
[Round "2.6"]
[White "Szczerbak, Kamil"]
[Black "Bartoszek, Krzysztof"]
[Result "1/2-1/2"]
[WhiteTitle "III"]
[BlackTitle "III"]
[WhiteElo "1632"]
[BlackElo "1533"]

1. e4 c6 2. d4 d5 3. f3 e6 4. c4 Bb4+ 5. Bd2 Bxd2+ 6. Nxd2 Ne7 7. c5 O-O 8. e5
Nf5 9. Ne2 Ne3 10. Qb3 Nxf1 11. Nxf1 b5 12. Nfg3 a5 13. Qe3 f5 14. h4 b4 15. f4
Ba6 16. h5 h6 17. Nf1 Ra7 18. Nh2 Bxe2 19. Kxe2 a4 20. g4 Qh4 21. Rag1 fxg4 22.
Rxg4 Qxh5 23. Qg3 Qf5 24. Nf3 Qc2+ 25. Nd2 Qh7 26. Rg6 h5 27. Rxe6 Raf7 28. Rf1
h4 29. Qg4 Qf5 30. Qxf5 Rxf5 31. Ke3 Rh5 32. Rg6 h3 33. Rh1 Rh4 34. e6 h2 35.
Rg2 Rfxf4 36. Rgxh2 Rxh2 37. Rxh2 Rf6 38. Nf3 Rxe6+ 39. Kd3 Nd7 40. Rf2 Rg6 41.
a3 bxa3 42. bxa3 Rg3 43. Ke3 Nf6 44. Rb2 Ne4 1/2-1/2

[Event "XXIII SZACHOWE MISTRZOSTWA POLSKI DUCHOWIENSTWA"]
[Site "WSD Towarzystwa Chrystusowego w Poznaniu"]
[Date "1899-12-30"]
[Round "2.8"]
[White "Dyrda, Konrad"]
[Black "Bryk, Blazej"]
[Result "1-0"]
[WhiteTitle "II"]
[BlackTitle "II"]
[WhiteElo "1670"]
[BlackElo "1644"]

1. e4 e6 2. d4 d5 3. exd5 exd5 4. Nf3 c5 5. Bb5+ Nc6 6. Be3 a6 7. Bxc6+ bxc6 8.
O-O Qb6 9. Re1 Nf6 10. dxc5 Qb5 11. Nc3 Qb7 12. Bd4+ Be7 13. Na4 O-O 14. Nb6 Ra7
15. b4 Bd8 16. Qd3 Nd7 17. Qc3 f6 18. Qe3 Nxb6 19. cxb6 Ra8 20. Bc5 Bxb6 21. Bxb6
Bd7 22. Bc5 Rae8 23. Qd2 Rxe1+ 24. Rxe1 Rd8 25. Nd4 Qc8 26. Re7 Bg4 27. Qe3 Bh5
28. Qe6+ Qxe6 29. Nxe6 Rc8 30. Rxg7+ Kh8 31. Rc7 Re8 32. Rxc6 Bf7 33. Bd4 Bxe6
34. Bxf6+ Kg8 35. f3 Kf7 36. Bd4 Ra8 37. Kf2 a5 38. b5 Bd7 39. Rc7 Ke6 40. b6
Rc8 41. b7 Rb8 42. Ba7 1-0

[Event "XXIII SZACHOWE MISTRZOSTWA POLSKI DUCHOWIENSTWA"]
[Site "WSD Towarzystwa Chrystusowego w Poznaniu"]
[Date "1899-12-30"]
[Round "2.9"]
[White "Burgat, Boguslaw"]
[Black "Leskauskas, Sarunas"]
[Result "0-1"]
[WhiteTitle "III"]
[BlackTitle "I"]
[WhiteElo "1562"]
[BlackElo "1687"]

1. e4 c5 2. Nf3 Nc6 3. d4 e6 4. Nc3 cxd4 5. Nxd4 a6 6. Be3 Nf6 7. f3 Ne5 8. Qd2
b5 9. Nb3 Qc7 10. O-O-O Rb8 11. g4 Nxf3 12. Qf2 Ne5 13. h3 Nfxg4 14. hxg4 Nxg4
15. Qf4 Ne5 16. Be2 Be7 17. Rh5 d6 18. Rdh1 h6 19. Qg3 Bf8 20. Bd4 f6 21. Bxe5
dxe5 22. Qg6+ Ke7 23. R5h3 Bd7 24. Bh5 Be8 25. Qg1 Bxh5 26. Rxh5 Kf7 27. R1h2
Rc8 28. Rd2 g5 29. Qd1 Kg6 30. Rd7 Qb6 31. Rh3 h5 32. Rhd3 h4 33. Rh3 b4 34. Na4
Qc6 35. Rd8 Rxd8 36. Qxd8 Qxa4 37. Nc5 Qc6 38. Nd3 g4 0-1

[Event "XXIII SZACHOWE MISTRZOSTWA POLSKI DUCHOWIENSTWA"]
[Site "WSD Towarzystwa Chrystusowego w Poznaniu"]
[Date "1899-12-30"]
[Round "2.10"]
[White "Domaraczenko, Krzysztof"]
[Black "Natoniewski, Sebastian"]
[Result "0-1"]
[WhiteTitle "II"]
[BlackTitle "II"]
[WhiteElo "1538"]
[BlackElo "1629"]

1. e4 e5 2. Nf3 Nc6 3. Bb5 Nf6 4. O-O d6 5. h3 Be7 6. d3 Bd7 7. Nc3 O-O 8. Bc4
h6 9. a3 Qc8 10. Nh2 Nd4 11. Nf3 c6 12. Be3 Ne6 13. Nh4 Kh8 14. Nf5 Qe8 15. Qf3
Ng5 16. Bxg5 hxg5 17. Ne2 Bxf5 18. Qxf5 Nh5 19. Qg4 g6 20. d4 f5 21. exf5 gxf5
22. Qf3 e4 23. Qc3 d5 24. Bb3 Nf4 25. Nxf4 gxf4 26. Qd2 Qg6 27. Qxf4 Rg8 28. g3
Bd6 29. Qe3 f4 30. Qc3 f3 31. Kh1 Qh5 32. Kh2 Rg6 33. h4 Qxh4+ 34. Kg1 Qh3 0-1

[Event "XXIII SZACHOWE MISTRZOSTWA POLSKI DUCHOWIENSTWA"]
[Site "WSD Towarzystwa Chrystusowego w Poznaniu"]
[Date "1899-12-30"]
[Round "2.11"]
[White "Mazur, Jan"]
[Black "Szadkowski, Kamil"]
[Result "1/2-1/2"]
[WhiteTitle "II"]
[BlackTitle "II"]
[WhiteElo "1618"]
[BlackElo "1571"]

1. d4 d5 2. Nf3 Bf5 3. c4 Bxb1 4. Rxb1 Nf6 5. Bf4 e6 6. a3 Be7 7. e3 O-O 8. Bd3
dxc4 9. Bxc4 c6 10. O-O Nbd7 11. Ng5 Nd5 12. Nf3 Nxf4 13. exf4 Nb6 14. Ba2 Qc7
15. g3 Rad8 16. Qc2 Rd6 17. Rbd1 Rfd8 18. b4 a6 19. Rd2 Bf6 20. Rfd1 R8d7 21.
Ne5 Rd8 22. Bb1 g6 23. Ba2 Nd5 24. Qb2 Ne7 25. g4 Bxe5 26. fxe5 R6d7 27. Rd3 Nd5
28. Bxd5 Rxd5 29. f4 Qb6 30. Qf2 R8d7 31. h4 a5 32. bxa5 Rxa5 33. f5 exf5 34.
gxf5 Rb5 35. fxg6 hxg6 36. Qf6 Rb1 37. e6 Rxd1+ 38. Rxd1 fxe6 39. Qxe6+ Rf7 40.
Kh1 Qc7 41. Rg1 Qf4 42. Qxg6+ Kf8 43. Qg8+ Ke7 44. Re1+ Kd6 45. Qd8+ Rd7 46. Qb8+
Rc7 47. Qd8+ Rd7 48. Qb8+ Rc7 1/2-1/2

[Event "XXIII SZACHOWE MISTRZOSTWA POLSKI DUCHOWIENSTWA"]
[Site "WSD Towarzystwa Chrystusowego w Poznaniu"]
[Date "1899-12-30"]
[Round "3.1"]
[White "Drazek, Dariusz"]
[Black "Mejzner, Miroslaw"]
[Result "1/2-1/2"]
[WhiteTitle "I"]
[BlackTitle "I"]
[WhiteElo "1782"]
[BlackElo "1826"]

1. e4 e5 2. Nf3 Nc6 3. Bb5 Nf6 4. O-O Bc5 5. Nc3 O-O 6. d3 d6 7. Bg5 Bg4 8. Bxc6
bxc6 9. h3 Bh5 10. g4 Bg6 11. Na4 Bb6 12. Nxb6 cxb6 13. Kg2 Re8 14. Qe2 Re6 15.
Rad1 d5 16. Nh4 h6 17. Bxf6 Rxf6 18. Nxg6 fxg6 19. d4 Qd6 20. c4 Re8 21. cxd5
cxd5 22. Qb5 Rd8 23. Qxd5+ Qxd5 24. exd5 Rxd5 25. dxe5 Rxe5 1/2-1/2

[Event "XXIII SZACHOWE MISTRZOSTWA POLSKI DUCHOWIENSTWA"]
[Site "WSD Towarzystwa Chrystusowego w Poznaniu"]
[Date "1899-12-30"]
[Round "3.2"]
[White "Sola, Wojciech"]
[Black "Bak, Stanislaw"]
[Result "1/2-1/2"]
[WhiteTitle "I"]
[BlackTitle "I"]
[WhiteElo "1797"]
[BlackElo "1788"]

1. c4 e5 2. g3 d6 3. Bg2 c6 4. Nc3 Nf6 5. d4 exd4 6. Qxd4 Qb6 7. Qxb6 axb6 8. Be3
Be6 9. Bxb6 Bxc4 10. Nf3 Nbd7 11. Bd4 Be7 12. O-O O-O 13. b3 Be6 14. Ng5 h6 15.
Nxe6 fxe6 16. e4 e5 17. Be3 b5 18. Bh3 Kf7 19. f4 exf4 20. Bxf4 Ne5 21. Rad1 b4
22. Na4 Rxa4 23. bxa4 Ra8 24. Bxe5 dxe5 25. Bd7 Rxa4 26. Bxc6 Ra3 27. Rd2 Bc5+
28. Kg2 Kg6 29. Rf3 Ra6 30. Bb5 Rb6 31. Ba4 Bd4 32. Bb3 Rc6 33. Rc2 Rb6 34. Rc7
h5 35. h3 Kh6 36. Bd5 Rd6 37. Rc6 Rd8 38. Rf5 Kh7 39. Bf7 Bc3 40. Ra6 Rd2+ 41.
Rf2 Rd1 42. Bb3 Re1 43. Kf3 Bd4 44. Re2 Rf1+ 45. Kg2 Rg1+ 46. Kh2 Rf1 47. Rd6
Kh6 48. Bc4 Rc1 49. Bb3 Rf1 50. Rd2 Bc3 51. Kg2 Re1 52. Rc2 Rxe4 53. a4 Re3 54.
Bc4 b3 55. Bxb3 Bb4 56. Rxf6+ gxf6 57. Bc4 Rc3 58. Rxc3 Bxc3 59. Bd3 Ba5 60. Kf3
Kg7 1/2-1/2

[Event "XXIII SZACHOWE MISTRZOSTWA POLSKI DUCHOWIENSTWA"]
[Site "WSD Towarzystwa Chrystusowego w Poznaniu"]
[Date "1899-12-30"]
[Round "3.3"]
[White "Bartoszek, Krzysztof"]
[Black "Wadrzyk, Zbigniew"]
[Result "0-1"]
[WhiteTitle "III"]
[BlackTitle "I"]
[WhiteElo "1533"]
[BlackElo "1781"]

1. c4 e6 2. Nc3 d5 3. cxd5 exd5 4. d4 c6 5. g3 Nf6 6. Bg2 Bf5 7. Bg5 Be7 8. Bxf6
Bxf6 9. e3 O-O 10. Nge2 Nd7 11. O-O Re8 12. Qb3 Rb8 13. a4 h5 14. Nxd5 cxd5 15.
Qxd5 g6 16. e4 Be6 17. Qd6 Nb6 18. Qxd8 Rexd8 19. e5 Be7 20. Nf4 Rxd4 21. Nxe6
fxe6 22. a5 Nd5 23. Rfd1 Rxd1+ 24. Rxd1 Rd8 25. h4 b6 26. a6 Nb4 27. Rxd8+ Bxd8
28. Bb7 Kf7 29. f4 Be7 30. Kg2 Nd3 31. b3 Nc1 32. Kf3 Nxb3 33. g4 Bxh4 34. gxh5
gxh5 35. f5 Nd4+ 36. Ke4 Nxf5 0-1

[Event "XXIII SZACHOWE MISTRZOSTWA POLSKI DUCHOWIENSTWA"]
[Site "WSD Towarzystwa Chrystusowego w Poznaniu"]
[Date "1899-12-30"]
[Round "3.5"]
[White "Pawlowski, Slawomir"]
[Black "Szczerbak, Kamil"]
[Result "1/2-1/2"]
[WhiteTitle "I"]
[BlackTitle "III"]
[WhiteElo "1757"]
[BlackElo "1632"]

1. Nf3 f5 2. d3 Nf6 3. e4 d6 4. Nc3 e5 5. Bg5 Be7 6. Bxf6 Bxf6 7. d4 exd4 8. Nxd4
O-O 9. Bc4+ Kh8 10. O-O Nc6 11. Nxf5 Bxf5 12. exf5 Bxc3 13. bxc3 Rxf5 14. Bd3
Rc5 15. f4 Qf6 16. Qg4 Rf8 17. Rae1 Rxc3 18. Rf3 Nb4 19. f5 Nxd3 20. cxd3 h6 21.
h3 Rc5 22. Ref1 Rd5 23. Kh1 b5 24. Qe4 Re5 25. Qc6 Qe7 26. d4 Re1 27. Qxb5 Rxf1+
28. Rxf1 g6 29. f6 Rxf6 30. Rxf6 Qxf6 31. Qb8+ Kg7 32. Qxc7+ Qf7 33. Qxd6 Qxa2
34. Qe5+ Kf7 35. d5 Qb1+ 36. Kh2 Qb7 37. Qe6+ Kg7 38. Qc6 Qe7 39. Qc3+ Kf7 40.
Qf3+ Ke8 41. Qf4 g5 42. Qb8+ Kf7 43. Qb2 Qd6+ 44. Kh1 Qxd5 45. Qf2+ Ke6 46. Qxa7
Qd1+ 47. Kh2 Qd6+ 48. Kg1 Ke5 49. Qe3+ Kf5 50. g4+ Kf6 51. Kg2 Qa6 52. Qd4+ Kg6
53. Qe4+ Kf6 54. Qf5+ Kg7 55. Qd7+ Kf6 56. Qd8+ Kg7 57. Qe7+ Kg6 58. Qe4+ 1/2-1/2

[Event "XXIII SZACHOWE MISTRZOSTWA POLSKI DUCHOWIENSTWA"]
[Site "WSD Towarzystwa Chrystusowego w Poznaniu"]
[Date "1899-12-30"]
[Round "3.6"]
[White "Leskauskas, Sarunas"]
[Black "Grela, Franciszek"]
[Result "1-0"]
[WhiteTitle "I"]
[BlackTitle "II"]
[WhiteElo "1687"]
[BlackElo "1600"]

1. e4 g6 2. f4 Bg7 3. Nf3 d6 4. d4 c6 5. Nc3 f5 6. e5 dxe5 7. fxe5 Nd7 8. Bc4 Nb6
9. Bb3 Qc7 10. Qe2 a5 11. a3 a4 12. Ba2 Qd8 13. O-O Nd5 14. Nxd5 cxd5 15. Qb5+
Qd7 16. Qxd5 Qxd5 17. Bxd5 e6 18. Ba2 Ne7 19. Ng5 Ra6 20. c4 h6 21. Nf3 Nc6 22.
Re1 O-O 23. d5 Nd8 24. Bd2 Kh8 25. b4 g5 26. b5 Ra8 27. Rad1 exd5 28. cxd5 Nf7
29. Bb4 Rd8 30. e6 Nd6 31. e7 Rd7 32. Bxd6 Rxe7 33. Bxe7 Bd7 34. d6 g4 35. Ne5
Bxb5 36. d7 1-0

[Event "XXIII SZACHOWE MISTRZOSTWA POLSKI DUCHOWIENSTWA"]
[Site "WSD Towarzystwa Chrystusowego w Poznaniu"]
[Date "1899-12-30"]
[Round "3.7"]
[White "Kuzio, Andrzej"]
[Black "Zawada, Jan"]
[Result "1/2-1/2"]
[WhiteTitle "II"]
[BlackTitle "IV"]
[WhiteElo "1674"]
[BlackElo "1558"]

1. e4 e5 2. Nf3 Nc6 3. d4 exd4 4. Bc4 Bb4+ 5. c3 dxc3 6. O-O Nge7 7. Nxc3 O-O 8.
Bg5 h6 9. Bh4 Bxc3 10. bxc3 Na5 11. Be2 d6 12. e5 d5 13. Bxe7 Qxe7 14. Qxd5 Nc6
15. Bb5 Be6 16. Qe4 Bd7 17. Bd3 g6 18. Bc4 Bf5 19. Qf4 Kg7 20. Rfe1 Be6 21. Bb5
Qc5 22. Qf6+ Kh7 23. Bd3 Ne7 24. c4 Bf5 25. Bxf5 Nxf5 26. e6 fxe6 27. Qxe6 Ng7
28. Qg4 Rfe8 29. h4 Rxe1+ 30. Rxe1 Re8 31. Rxe8 1/2-1/2